Slovak banking sector after change of ownerships

Guardado en:
Detalles Bibliográficos
Autor principal: Tkáčová, Daniela, 1954-
Otros Autores: Fifeková, Elena
Formato: Capítulo de libro
Lenguaje:inglés
Etiquetas: Agregar Etiqueta
Sin Etiquetas, Sea el primero en etiquetar este registro!

MARC

LEADER 00000naa$a2200000$$$4500
001 0061189
005 20240502083146.8
041 0 |a eng 
044 |a CZ 
245 1 0 |a Slovak banking sector after change of ownerships  |c Dana Tkáčová, Elena Fifeková 
100 1 |a Tkáčová, Daniela, 1954- 
700 1 |a Fifeková, Elena